The letters of Gustave Flaubert, 1830-1857 /

Bibliographic Details
Main Author: Flaubert, Gustave, 1821-1880
Other Authors: Steegmuller, Francis, 1906-1994
Format: Book
Language:English
French
Published: Cambridge, Mass. : Harvard University Press, 1980-
Subjects:

MARC

Tag First Indicator Second Indicator Subfields
LEADER 00000cam a22000008i 4500
001 in00000055687
005 20151008052302.0
008 790427m19809999maua b 00110aeng
010 |a  79013505   |z  79013503  
020 |a 0674526368 
035 |a (OCoLC)04983358 
035 |9 AAH2628AM 
040 |a DLC  |c DLC  |d TXA  |d UtOrBLW 
041 1 |a eng  |a fre 
049 |a TXAM  |v 1 [1497485]  |v 2 [1504962] 
050 0 0 |a PQ2247.A23  |b E57 1980 
082 0 |a 843/.8  |a B 
100 1 |a Flaubert, Gustave,  |d 1821-1880. 
240 1 0 |a Correspondence.  |k Selections.  |l English 
245 1 4 |a The letters of Gustave Flaubert, 1830-1857 /  |c selected, edited, and translated by Francis Steegmuller. 
263 |a 8003 
264 1 |a Cambridge, Mass. :  |b Harvard University Press,  |c 1980- 
300 |a 2 volumes :  |b illustrations ;  |c 25 cm. 
336 |a text  |b txt  |2 rdacontent 
337 |a unmediated  |b n  |2 rdamedia 
338 |a volume  |b nc  |2 rdacarrier 
500 |a Includes index. 
504 |a Bibliography: volume 1, page 246. 
600 1 0 |a Flaubert, Gustave,  |d 1821-1880  |x Correspondence. 
650 0 |a Novelists, French  |y 19th century  |v Correspondence. 
700 1 |a Steegmuller, Francis,  |d 1906-1994. 
999 |a MARS 
999 f f |s 161b7099-bd78-3829-bf02-41a18f2a4735  |i 20259533-e541-339d-adfd-53893029cf47  |t 0 
952 f f |p normal  |a Texas A&M University  |b College Station  |c Sterling C. Evans Library  |d Evans: Library Stacks  |t 0  |e PQ2247.A23 E57 1980  |h Library of Congress classification  |i unmediated -- volume  |k v.2  |m A14806438672 
952 f f |p normal  |a Texas A&M University  |b College Station  |c Sterling C. Evans Library  |d Evans: Library Stacks  |t 0  |e PQ2247.A23 E57 1980  |h Library of Congress classification  |i unmediated -- volume  |k v.1  |m A14803768769 
998 f f |a PQ2247.A23 E57 1980  |s v.1-2  |t 0  |l Evans: Library Stacks